000 00860nam a2200265 i 4500
003 DO-SdBNP
005 20240918150854.0
007 ta
008 240821s2024 dr 000 f spa d
020 _a9789945654356
040 _aDO-SdBNP
_bspa
_cBNPHU
_erda
082 4 _bM826s
_222
100 1 _aMoquete, Ariel,
_eautor
_986375
_4aut.
245 1 3 _aLa seda de los cactus /
_cAriel Moquete ; prólogo, Máximo Vega
264 1 _aSanto Domingo :
_bEditora Santuario,
_c2024.
300 _a364 páginas,
_c24 cm.
336 _atexto
_btxt
_2rdacontent
337 _asin mediación
_bn
_2rdamedia
338 _avolumen
_bnc
_2rdacarrier
500 _aIncluye datos biográficos del autor en la solapa de la cubierta.
590 _aInventariado, 2024/ YL
700 1 _aVega, Máximo,
_eprologuista
_922617
_4pról.
910 _aYLockward
942 _2ddc
_cLBS1
999 _c57519
_d57519